000 00849nam a22002177a 4500
999 _c14203
_d14203
003 AR-CdUCM
008 190422b ||||| |||| 00| 0 spa d
040 _aMUNICIPALIDAD PROVINCIAL DEL CUSCO
_cBIBLIOTECA MUNICIPAL DEL CUSCO
082 _a949 /
_bAN61
110 _aMinisterio de la comunicación social
_932885
245 _aAngola acuerdo para la independencia /
260 _aLisboa :
_bTalleres Graficos del M.C.S.,
_c1975.
300 _a30 paginas ;
_bIlustraciones,
_c20 cm.
505 _aContenido :Acuerdo -- Discurso del Dr.Agostinho Neto -- Discurso pronunciado por el presidente de la república en la clausura de la "cimera del algarve"
650 _aDiscursos
_91511
650 _aGobernantes y gobernados
_932886
650 _aLisboa
_932887
650 _aPortugal
_93855
942 _2ddc
_cFOLLETOS
945 _awnts
_d2019-04-22